Datum a čas kvízu
30.5
Celkem bodů
Celkový počet nahraných bodů na tomto kvízu bez doplňovacích otázek.
7.
Pořadí na kvízu
Konečné umístění týmu na tomto kvízu.
Zaznamenané odpovědi
| # | Otázka | Odpověď | Body | Výsledky |
|---|---|---|---|---|
| 1. | V úterý byl odvolán ředitel je... | Česká televize (ČT), Jan Souček | 1 | |
| 2. | Na pozemku u bratislavského le... | Sbohem (Zbohom) Fico | 0 | |
| 3. | Minulý týden vyšlo album Ostra... | Michal Prokop | 1 | |
| 4. | Ve středu byl zveřejněn žebříč... | Michal Strnad | 1 | |
| 5. | Tři minuty a 57 sekund. Přesně... | Španělsko | 1 | |
| 6. | Podíváme se na historické udál... | Pouštní bouře | 1 | |
| 7. | Seřaďte chronologicky tyto pol... | 1A 2D 3C 4B | 1 | |
| 8. | V České republice vystoupila o... | D | 1 | |
| 9. | Ve kterém roce vstoupila Česká... | v roce 2004, Vladimír Špidla | 0.5 | |
| 10. | Uveďte název města, kde byla p... | Turín; Nagano | 0.5 |